Научный годовой отчет об основных исследовательских работах, выполненных в 2024 году

Detalles Bibliográficos
Corporate Authors: Научно-исследовательский институт атомных реакторов (570), Росатом
Outros autores: Калыгин В. В. Владимир Валентинович (редактор)
Summary:65 лет атомному ледокольному флоту России 60 лет отделению реакторного материаловедения АО "ГНЦ НИИАР"
Отчет содержит статьи о выполненных в 2024 году исследованиях и результатах работы по основным направлениям деятельности АО "ГНЦ НИИАР", таким как исследовательские ядерные реакторы; исследования твэлов и реакторных материалов; исследования и разработки элементов топливного цикла ядерной энергетики; трансурановые элементы, радионуклидные препараты и источники излучений; ядерная, радиационная и экологическая безопасность, обращение с отработавшим ядерным топливом и радиоактивными отходами. Приведены сведения о научно-технической и редакционно-издательской деятельности, работе научного и редакционно-издательского советов, кадровом потенциале и истории предприятия. Отчет предназначен для сотрудников научно-исследовательских организаций, конструкторских бюро, предприятий атомной промышленности и студентов соответствующих специальностей.
Idioma:ruso
Publicado: Димитровград, Изд-во ГНЦ НИИАР, 2025
Subjects:
Formato: Libro
KOHA link:https://koha.lib.tpu.ru/cgi-bin/koha/opac-detail.pl?biblionumber=682699

MARC

LEADER 00000nam0a2200000 4500
001 682699
005 20251205132900.0
010 |a 978-5-94831-223-1 
090 |a 682699 
100 |a 20251030d2025 k||y0rusy50 ca 
101 0 |a rus 
102 |a RU 
105 |a a z 011yy 
181 0 |a i   |b  e  
182 0 |a n 
183 0 |a nc  |2 RDAcarrier 
200 1 |a Научный годовой отчет об основных исследовательских работах, выполненных в 2024 году  |f Научно-исследовательский институт атомных реакторов, Росатом ; под ред. В. В. Калыгина 
203 |a Текст  |b визуальный  |c непосредственный 
210 |a Димитровград  |c Изд-во ГНЦ НИИАР  |d 2025 
215 |a 283 с.  |c ил. 
283 |a volume  |2 RDAcarrier 
300 |a 65 лет атомному ледокольному флоту России 60 лет отделению реакторного материаловедения АО "ГНЦ НИИАР" 
320 |a Список сокращений: с. 265-273 
320 |a Список авторов статей: с. 274-276 
330 |a Отчет содержит статьи о выполненных в 2024 году исследованиях и результатах работы по основным направлениям деятельности АО "ГНЦ НИИАР", таким как исследовательские ядерные реакторы; исследования твэлов и реакторных материалов; исследования и разработки элементов топливного цикла ядерной энергетики; трансурановые элементы, радионуклидные препараты и источники излучений; ядерная, радиационная и экологическая безопасность, обращение с отработавшим ядерным топливом и радиоактивными отходами. Приведены сведения о научно-технической и редакционно-издательской деятельности, работе научного и редакционно-издательского советов, кадровом потенциале и истории предприятия. Отчет предназначен для сотрудников научно-исследовательских организаций, конструкторских бюро, предприятий атомной промышленности и студентов соответствующих специальностей. 
512 1 |a Научный годовой отчет 2024  |z rus 
606 |a Ядерные реакторы  |9 46573 
610 1 |a исследовательские ядерные реакторы 
610 1 |a твэлы 
610 1 |a исследования 
610 1 |a реакторные материалы 
610 1 |a ядерная энергетика 
610 1 |a топливный цикл 
610 1 |a элементы 
610 1 |a разработки 
610 1 |a трансурановые элементы 
610 1 |a радионуклидные препараты 
610 1 |a источники излучений 
610 1 |a ядерная безопасность 
610 1 |a радиационная безопасность 
610 1 |a отработавшее ядерное топливо 
610 1 |a редакционно-издательская деятельность 
610 1 |a научно-техническая деятельность 
610 1 |a годовые отчеты 
675 |a 621.039.5  |v 4 
702 1 |4 340  |a Калыгин  |b В. В.  |g Владимир Валентинович 
712 0 2 |a Научно-исследовательский институт атомных реакторов  |c (Димитровград)  |4 570  |9 23389 
712 0 2 |a Росатом  |c Государственная корпорация по атомной энергии  |c (2008- )  |4 570  |9 25907 
801 0 |a RU  |b 63413507  |c 20251105 
942 |c BK